[Event "elllobregat Open-A 2019"]
[Site "El Prat de Llobregat"]
[Date "2019.12.03"]
[Round "1.12"]
[White "Csiki, Endre"]
[Black "Arizmendi Martinez, Julen Luis"]
[Result "0-1"]
[WhiteElo "2259"]
[BlackElo "2511"]
[Annotator "TA"]
[PlyCount "88"]
[EventDate "2019.12.03"]
[EventType "swiss"]
[EventCountry "ESP"]
[SourceTitle "playchess.com"]
[Source "ChessBase"]
[SourceQuality "1"]

{[%evp 9,88,26,24,17,22,14,19,2,12,0,0,0,0,0,0,0,-1,-10,-5,-22,-2,-19,0,-16,-20,-71,-64,-59,-64,-75,-71,-112,-104,-197,-197,-198,-202,-275,-272,-269,-248,-250,-250,-322,-341,-328,-311,-317,-302,-314,-317,-314,-289,-396,-385,-450,-445,-481,-430,-489,-465,-420,-423,-670,-664,-673,-625,-538,-375,-445,-435,-410,-399,-405,-394,-602,-595,-991,-933,-724,-493]} 1. e4 e6 2. d4 d5 3. Nd2 h6 (3... c5 4. Ngf3 cxd4 5. Nxd4 Nc6 6. Bb5 Bd7 7. Nxc6 bxc6 8. Bd3 Qc7 9. Qe2 Ne7 10. Nf3 Ng6 11. e5 c5 12. c4 dxc4 13. Bxc4 Be7 14. h4 Bc6 15. h5 Nf8 16. h6 g6 {1-0 (33) Navara,D (2734)-Vitiugov,N (2727) Riga 2019}) 4. Ngf3 Nf6 5. Bd3 c5 6. c3 {C03: French Tarrasch: Unusual Black 3rd moves} cxd4 7. cxd4 dxe4 8. Nxe4 {The position is equal.} Bb4+ 9. Nc3 O-O 10. O-O b6 11. Be3 $146 ({Predecessor:} 11. Re1) 11... Bb7 12. Rc1 Nbd7 13. Bb1 Rc8 14. a3 Bxc3 (14... Bd6 {with more complications.} 15. Re1 Re8 16. Qe2 Ng4 17. Ne4 Rxc1 18. Bxc1 Bb8) 15. bxc3 b5 16. a4 bxa4 17. Qxa4 (17. c4 $11 {remains equal.}) 17... Bxf3 $1 $17 18. gxf3 Nb6 $1 {[%cal Rb6a4]} 19. Qc2 Nc4 20. Qd3 Qd5 $36 {[%mdl 2048] Black is really pushing.} 21. Ba2 (21. Qe2 $17 {is a better defense.}) 21... Ne5 $1 $19 {[%cal Re5d3][%mdl 64] [#] Discovered Attack} 22. Bxd5 Nxd3 23. Bb7 Nxc1 24. Rxc1 Rc7 25. Ba6 Nd5 26. Bd2 Rb8 27. c4 Rc6 28. Bb5 {[#]} Rxb5 $1 {[%mdl 512]} 29. cxb5 Rxc1+ 30. Bxc1 {[%mdl 4096] Endgame KB-KN} Nc3 {Strongly threatening ...Ne2+.} 31. Bd2 Nxb5 32. Bb4 Nxd4 33. Bc5 Nc6 34. Kf1 Kh7 35. Ke2 Kg6 36. Kd3 (36. Ke3 $142 a5 37. Ke4) 36... Kf5 37. Bf8 Ne5+ 38. Ke3 Kg6 39. Ke4 Nd7 40. Ba3 f5+ 41. Ke3 e5 42. Bb2 (42. f4 $142) 42... f4+ {Black is clearly winning.} 43. Ke4 Nc5+ 44. Kd5 Nd3 $1 {[%csl LRb2,LRf2] Accuracy: White = 30%, Black = 92%.} 0-1

[Event "elllobregat Open-A 2019"]
[Site "El Prat de Llobregat"]
[Date "2019.12.03"]
[Round "1.13"]
[White "Del Rio De Angelis, Salvador G."]
[Black "Lever, Erwan"]
[Result "1-0"]
[WhiteElo "2507"]
[BlackElo "2258"]
[Annotator "ChessBase"]
[PlyCount "53"]
[EventDate "2019.12.03"]
[EventType "swiss"]
[EventCountry "ESP"]
[SourceTitle "playchess.com"]
[Source "ChessBase"]
[SourceQuality "1"]
[TimeControl "40/5400+30:1800+30"]

1. d4 {[%emt 0:21:38]} Nf6 {[%emt 0:00:29]} 2. c4 g6 {[%emt 0:00:04]} 3. Nc3 {[%emt 0:00:20]} d5 {[%emt 0:00:05]} 4. Bg5 {[%emt 0:00:12]} Bg7 {[%emt 0:01:15]} 5. Bxf6 {[%emt 0:00:17]} Bxf6 {[%emt 0:00:04]} 6. cxd5 {[%emt 0:00:07]} Bg7 {[%emt 0:00:04]} 7. Nf3 {[%emt 0:01:49]} c6 {[%emt 0:04:25]} 8. dxc6 {[%emt 0:01:41]} Nxc6 {[%emt 0:00:08]} 9. e3 {[%emt 0:00:23]} O-O {[%emt 0:01:46]} 10. Be2 Qb6 {[%emt 0:11:35]} 11. Qd2 {[%emt 0:03:32]} e5 {[%emt 0:11:48]} 12. d5 {[%emt 0:00:32]} Rd8 {[%emt 0:01:29]} 13. O-O Ne7 {[%emt 0:13:37]} 14. e4 {[%emt 0:03:07]} Bd7 {[%emt 0:01:01]} 15. Qc2 {[%emt 0:14:47]} Rac8 {[%emt 0:07:38]} 16. Rad1 {[%emt 0:02:36]} Rc5 {[%emt 0:01:32]} 17. Nd2 {[%emt 0:03:51]} Nc8 {[%emt 0:08:11]} 18. Nc4 {[%emt 0:07:54]} Qc7 {[%emt 0:01:33]} 19. d6 {[%emt 0:01:40]} Qc6 {[%emt 0:00:32]} 20. Nd5 {[%emt 0:00:55]} Be6 {[%emt 0:12:33]} 21. b4 {[%emt 0:02:21]} Rxd5 {[%emt 0:00:30]} 22. exd5 {[%emt 0:05:48]} Bxd5 {[%emt 0:00:02]} 23. b5 Qc5 {[%emt 0:01:33]} 24. Rc1 {[%emt 0:03:26]} Bh6 {[%emt 0:02:16]} 25. Ne3 {[%emt 0:00:14]} Qxd6 {[%emt 0:02:20]} 26. Nxd5 Bxc1 {[%emt 0:00:55]} 27. Rxc1 {[%emt 0:00:54]} 1-0

[Event "elllobregat Open-A 2019"]
[Site "El Prat de Llobregat"]
[Date "2019.12.03"]
[Round "1.14"]
[White "Pratyusha, Bodda"]
[Black "Girish, A. Koushik"]
[Result "0-1"]
[WhiteElo "2253"]
[BlackElo "2506"]
[Annotator "TA"]
[PlyCount "102"]
[EventDate "2019.12.03"]
[EventType "swiss"]
[EventCountry "ESP"]
[SourceTitle "playchess.com"]
[Source "ChessBase"]
[SourceQuality "1"]

{[%evp 17,102,-1,19,15,26,20,23,26,104,93,100,99,118,120,121,100,114,95,93,97,178,50,40,24,27,3,3,4,4,3,4,6,7,7,7,-67,-67,-67,-67,-67,-39,-70,-70,-66,-62,-52,-46,-68,-61,-66,-69,-66,-58,-71,-71,-96,-98,-142,-150,-140,-166,-159,-161,-518,-506,-512,-465,-1182,-875,-2332,-1747,-29960,-29964,-29964,-29965,-29966,-29967,-29969,-29970,-29972,-29973,-29972,-29973,-29964,-29964,-29981,-29980]} 1. d4 Nf6 2. c4 e6 3. Nc3 Bb4 4. e3 O-O 5. Bd2 d5 6. Nf3 b6 7. cxd5 exd5 8. Bd3 Bb7 9. O-O a6 10. Ne5 {E52: Nimzo-Indian: Rubinstein: 4...0-0 5 Nf3 d5 6 Bd3 b6} Be7 $146 ({Predecessor:} 10... Bd6 11. f4 c5 12. Be1 Nc6 13. Bf2 Nb4 14. Bb1 Rc8 15. Qf3 Rc7 16. a3 Nc6 17. g4 Na5 {1-0 (50) Li,C (2732)-Zeng,C (2539) China 2018}) 11. Qf3 c5 12. Qh3 {White has an edge.} Nc6 (12... h6 $11) 13. Nd7 $1 $16 {[%cal Rd7f6] Nxf6+ would kill now.} g6 (13... Qxd7 $2 14. Bxh7+ $1 {[%mdl 512]} Nxh7 15. Qxd7 $18) 14. Nxf8 Bc8 15. Qg3 {Nxh7 is the strong threat.} Bxf8 16. f4 cxd4 17. exd4 Nxd4 18. f5 {[%cal Rf5g6]} Nh5 {[#]} (18... Bd6 $16 19. Qh4 Bxf5) 19. Qe5 ({White should play} 19. Qh3 $1 $18) 19... Nxf5 $14 20. Bxf5 (20. Nxd5 $2 Bc5+ 21. Kh1 Bd4 $19) 20... Bxf5 21. Rxf5 ({Reject} 21. Qxd5 Qxd5 22. Nxd5 Rd8 $17) ({Of course not} 21. Nxd5 f6 $17) (21. Be3 {feels hotter.} Be6 22. Bd4 Bg7 23. Qe3 Bxd4 24. Qxd4 Ng7 25. Rfd1) 21... gxf5 22. Nxd5 Bg7 $132 {[%mdl 2048] Black puts up resistance} 23. Qxf5 Nf6 24. Nxf6+ Qxf6 25. Qxf6 Bxf6 26. Bc3 (26. Rb1 $11) 26... Bxc3 $15 27. bxc3 {[%mdl 4096] Endgame KR-KR} Rc8 28. Rc1 b5 29. Kf2 Rc4 30. Ke3 Kg7 31. Kd3 Rh4 32. h3 Ra4 33. Rc2 h5 34. g3 Kg6 35. Rf2 f5 36. h4 Kf6 37. Re2 Rg4 38. Re3 {[#]} f4 $1 {[%cal Rf4e3]} 39. gxf4 Rxf4 ({Don't do} 39... Rxh4 40. Re5 $15) 40. Kc2 $2 (40. Re4 {is more resistant.} Rg4 41. Ke3) 40... Rxh4 $19 41. Rd3 Ra4 42. Kb3 (42. c4 $142 Rxc4+ 43. Kd2) 42... h4 43. Rd6+ Kg5 44. c4 Rxc4 {Black mates.} 45. Rxa6 h3 46. Rb6 Rc5 47. Rb8 Kh4 48. Rh8+ Rh5 49. Rd8 h2 50. Rd1 Rg5 51. Rd4+ Kh3 {Accuracy: White = 38%, Black = 78%.} 0-1

[Event "elllobregat Open-A 2019"]
[Site "El Prat de Llobregat"]
[Date "2019.12.03"]
[Round "1.15"]
[White "Munoz, Miguel"]
[Black "Dushyant Sharma"]
[Result "1/2-1/2"]
[WhiteElo "2498"]
[BlackElo "2247"]
[Annotator "ChessBase"]
[PlyCount "50"]
[EventDate "2019.12.03"]
[EventType "swiss"]
[EventCountry "ESP"]
[SourceTitle "playchess.com"]
[Source "ChessBase"]
[SourceQuality "1"]
[TimeControl "40/5400+30:1800+30"]

1. e4 {[%emt 0:07:56]} e5 {[%emt 0:00:00]} 2. d4 {[%emt 0:00:20]} exd4 {[%emt 0:00:20]} 3. Qxd4 {[%emt 0:00:06]} Nc6 {[%emt 0:00:44]} 4. Qe3 {[%emt 0:00:07]} Nf6 {[%emt 0:00:43]} 5. Bd2 {[%emt 0:00:08]} Bb4 {[%emt 0:00:48]} 6. c3 {[%emt 0:00:22]} Be7 {[%emt 0:00:23]} 7. c4 {[%emt 0:00:07]} O-O {[%emt 0:01:00]} 8. Nc3 {[%emt 0:00:09]} Ng4 {[%emt 0:00:45]} 9. Qe2 {[%emt 0:00:21]} d5 {[%emt 0:01:18]} 10. O-O-O {[%emt 0:10:49]} Nd4 {[%emt 0:03:23]} 11. Qe1 {[%emt 0:00:10]} dxe4 {[%emt 0:01:59]} 12. h3 Nf6 {[%emt 0:04:25]} 13. Be3 {[%emt 0:05:45]} c5 {[%emt 0:00:50]} 14. Nge2 {[%emt 0:00:08]} Nxe2+ {[%emt 0:11:23]} 15. Qxe2 {[%emt 0:00:09]} Qa5 {[%emt 0:01:04]} 16. g4 {[%emt 0:00:37]} Be6 {[%emt 0:01:35]} 17. Bd2 {[%emt 0:00:38]} Qa6 {[%emt 0:00:48]} 18. g5 {[%emt 0:03:47]} Ne8 {[%emt 0:02:59]} 19. Qxe4 {[%emt 0:04:05]} Nd6 {[%emt 0:01:26]} 20. Qc2 {[%emt 0:00:07]} Bf5 {[%emt 0:14:18]} 21. Qb3 {[%emt 0:05:32]} Be6 {[%emt 0:06:04]} 22. Qc2 {[%emt 0:03:09]} Bf5 {[%emt 0:02:34]} 23. Qb3 {[%emt 0:00:18]} Be6 {[%emt 0:07:03]} 24. Qc2 {[%emt 0:01:04]} Bf5 {[%emt 0:02:33]} 25. Qb3 {[%emt 0:00:24]} Be6 {[%emt 0:00:05]} 1/2-1/2

[Event "elllobregat Open-A 2019"]
[Site "El Prat de Llobregat"]
[Date "2019.12.03"]
[Round "1.16"]
[White "Panesar Vedant"]
[Black "Barseghyan, Harutyun"]
[Result "1/2-1/2"]
[WhiteElo "2247"]
[BlackElo "2498"]
[Annotator "TA"]
[PlyCount "68"]
[EventDate "2019.12.03"]
[EventType "swiss"]
[EventCountry "ESP"]
[SourceTitle "playchess.com"]
[Source "ChessBase"]
[SourceQuality "1"]

{[%evp 15,68,17,30,23,37,36,50,54,60,60,41,44,62,-19,-18,-12,-5,-15,-24,-14,15,10,74,75,81,0,0,0,1,0,4,0,0,0,0,0,0,0,35,33,26,-26,-25,-40,-22,-33,-41,-23,0,0,0,0,0,0,0]} 1. d4 Nf6 2. c4 c5 3. d5 e6 4. Nc3 exd5 5. cxd5 d6 6. Nf3 g6 7. Bf4 a6 8. e4 b5 9. Bd3 {A70: Modern Benoni: 6 e4 g6 7 Nf3} (9. Be2 Bg7 10. O-O O-O 11. e5 Nh5 12. Be3 dxe5 13. Bxc5 Re8 14. Nd2 Nd7 15. Be3 Nhf6 16. Qb3 Nb6 {1-0 (35) Shtembuliak,E (2548)-Grigoryan,A (2568) Saint Louis 2019}) 9... Bg7 10. O-O Bg4 11. Bxd6 {[%mdl 64] [#] Remove Defender, Decoy. White is slightly better.} Qxd6 12. e5 $1 {[%cal Re5d6][%mdl 64] Double Attack} Qd8 13. exf6 Bxf6 14. Re1+ ({White should try} 14. Qe1+ $1 $14 Kf8 15. Ne5) 14... Kf8 $11 15. h3 Bxf3 $146 ({Predecessor:} 15... Bc8 16. Ne4 Bb7 17. Nxf6 Qxf6 {0-1 (59) Wu,L (2167)-Palliser,R (2399) West Bromwich 2004}) 16. Qxf3 Kg7 17. Rad1 Bxc3 18. bxc3 {[%cal Bb2c3,Bc3c4][%mdl 32]} Qd6 {[#]} (18... Qf6 $11 {keeps the balance.}) 19. c4 $1 $16 b4 20. Qg3 (20. Re3 $16) 20... Qxg3 $11 21. fxg3 Nd7 22. Re7 Nf6 23. Rf1 Rhe8 24. Rc7 Rec8 25. Re7 h6 26. g4 a5 (26... Re8 $5 {[%cal Re8e7]} 27. Rc7 Rec8 $11) 27. h4 Rf8 $1 28. Rc7 (28. g5 $142 hxg5 29. hxg5) 28... Rac8 29. Ra7 Nxg4 30. Rxa5 Rfe8 31. h5 Re3 32. Ra7 {The position is equal.} Rxd3 33. Rfxf7+ Kg8 {And now ...Rd1+ would win.} 34. Rg7+ {[%mdl 64] Double Attack} Kh8 {Accuracy: White = 68%, Black = 61%.} 1/2-1/2

[Event "elllobregat Open-A 2019"]
[Site "El Prat de Llobregat"]
[Date "2019.12.04"]
[Round "2.1"]
[White "Akash Pc, Iyer"]
[Black "Lagarde, Maxime"]
[Result "1/2-1/2"]
[WhiteElo "2415"]
[BlackElo "2655"]
[Annotator "TA"]
[PlyCount "43"]
[EventDate "2019.12.03"]
[EventType "swiss"]
[EventCountry "ESP"]
[SourceTitle "playchess.com"]
[Source "ChessBase"]
[SourceQuality "1"]

{[%evp 16,43,91,85,88,80,87,75,78,80,78,52,58,56,69,68,92,87,145,149,175,173,175,176,168,173,169,168,158,147]} 1. d4 Nf6 2. c4 c5 3. d5 g6 4. Nc3 Bg7 5. e4 d6 6. Be2 O-O 7. Nf3 e5 8. O-O Ne8 9. Bg5 f6 {E92: King's Indian: Classical: 6 Be2 e5: 7 dxe5, 7 Be3 and Petrosian System without 7...Nbd7} 10. Bh4 Nd7 11. Ne1 h5 {White is better.} 12. h3 Bh6 13. Nd3 Ng7 14. g4 (14. a3 a6 15. b4 b6 16. Rb1 Qe8 17. g4 hxg4 18. hxg4 {0-1 (30) Koksal,E (2390)-Shtembuliak,E (2474) Konya 2017}) 14... hxg4 15. hxg4 Bf4 $146 ({Predecessor:} 15... a6 16. Kg2 {0-1 (40) Jakob,S (2230)-Urban,J (2330) Budapest 1991}) 16. Kg2 a6 (16... Ne8 $142) 17. Rh1 $16 {White is clearly better.} Re8 18. Bg3 Bxg3 19. fxg3 ({Don't do} 19. Kxg3 $6 f5 $14) 19... Kf7 20. Qd2 Rh8 21. Rxh8 Qxh8 22. g5 {Accuracy: White = 75%, Black = 58%.} 1/2-1/2

[Event "elllobregat Open-A 2019"]
[Site "El Prat de Llobregat"]
[Date "2019.12.04"]
[Round "2.2"]
[White "Di Nicolantonio, Lucas"]
[Black "Narayanan.S.L"]
[Result "0-1"]
[WhiteElo "2408"]
[BlackElo "2626"]
[Annotator "TA"]
[PlyCount "48"]
[EventDate "2019.12.03"]
[EventType "swiss"]
[EventCountry "ESP"]
[SourceTitle "playchess.com"]
[Source "ChessBase"]
[SourceQuality "1"]

{[%evp 17,54,3,9,-8,0,0,0,-31,-45,-131,-99,-110,-122,-417,-428,-421,-132,-397,-383,-1335,-1336,-3050,-2662,-2020,-743,-684,-690,-660,-645,-1170,-1131,-5302,-5302,-2102,-2094,-5273,-2392,-5497,-5406]} 1. e4 e5 2. Nf3 Nc6 3. d4 exd4 4. Nxd4 Nf6 5. Nxc6 bxc6 6. Bd3 d5 7. exd5 cxd5 8. O-O Be7 9. c4 O-O 10. Nc3 {C45: Scotch Game} d4 11. Ne4 Ng4 12. Re1 $146 {The position is equal.} ({Predecessor:} 12. Bf4 f5 13. Ng3 g6 14. h3 Nf6 15. Re1 Bd6 16. Bh6 c5 17. Bxf8 Kxf8 {½-½ (63) Puntier Andujar,W (2312)-Tomashevsky,E (2730) Istanbul 2012}) 12... f5 13. Nd2 ({Better is} 13. Ng3 $15) 13... Bh4 $1 $17 {[%cal Rh4f2]} 14. g3 {aiming for Qf3.} f4 $1 15. gxh4 $2 {[%mdl 8192]} (15. Rf1 $17 Bg5 16. Qe2) 15... Qxh4 $19 {[%mdl 64] Double Attack} 16. Nf3 Qxf2+ $40 {[%mdl 128] Black goes for the king.} 17. Kh1 {[#] Hoping for Be4.} Nxh2 $1 {[%mdl 512]} 18. Nxh2 $2 (18. Rf1 Nxf1 19. Qxf1 Qxf1+ 20. Bxf1) 18... Bb7+ {Black is clearly winning.} 19. Re4 Rae8 {[%mdl 64] Pin} 20. Qf3 Bxe4 (20... Rxe4 $142 21. Bd2 {[#]} Re1+ $1 {[%mdl 512]} 22. Rxe1 Bxf3+ 23. Nxf3 Qxf3+ {[%mdl 64] Double Attack} 24. Kg1 Qg3+ 25. Kf1 f3 26. Re5 f2 27. Bxh7+ Kh8 28. Rg5 Qh3+ {[%mdl 64] Double Attack} 29. Rg2 Qh1+ 30. Rg1 fxg1=Q+ 31. Ke2 Qf3#) 21. Bxe4 Qe1+ {[%mdl 64] Double Attack} 22. Kg2 {Bd3 would now be nice for White.} Rxe4 23. Ng4 Re2+ 24. Nf2 {[#]} d3 {Played: Re2xf2} 0-1

[Event "elllobregat Open-A 2019"]
[Site "El Prat de Llobregat"]
[Date "2019.12.04"]
[Round "2.3"]
[White "Karthikeyan, Murali"]
[Black "Kacharava, Nikolozi"]
[Result "1-0"]
[WhiteElo "2611"]
[BlackElo "2416"]
[Annotator "TA"]
[PlyCount "53"]
[EventDate "2019.12.03"]
[EventType "swiss"]
[EventCountry "ESP"]
[SourceTitle "playchess.com"]
[Source "ChessBase"]
[SourceQuality "1"]

{[%evp 20,53,34,29,41,35,38,32,49,45,53,59,82,87,86,77,86,83,76,85,151,92,239,245,235,199,389,388,346,377,29981,9533,29988,29989,29990,29990]} 1. e4 e5 2. Nf3 Nf6 3. Nxe5 d6 4. Nf3 Nxe4 5. Nc3 Nxc3 6. dxc3 Be7 7. Be3 O-O 8. Qd2 Nd7 9. O-O-O Ne5 10. Nxe5 dxe5 11. Bd3 Be6 {C42: Petroff Defence: 3 Nxe5 and unusual White 3rd moves} 12. Kb1 Qe8 13. f3 (13. Qe2 f5 14. f3 Qf7 15. b3 Bd6 16. Rhf1 Kh8 17. Bc1 b6 18. h4 Qh5 19. Qe1 {½-½ (38) Sasikiran,K (2669)-Ivanchuk,V (2738) Matanzas 2017}) 13... Qa4 $146 {White is slightly better.} ({Predecessor:} 13... f6 14. Qe2 Qf7 15. c4 Rad8 {½-½ (31) Ilyasov,A (2336)-Hess,H (2316) ICCF email 2014}) 14. b3 Qa5 15. Qe1 Rad8 16. Bd2 $36 {[%mdl 2048] Black is under strong pressure.} f5 17. c4 Qc5 18. Bc3 Bd6 19. g4 a6 ({Better is} 19... fxg4 20. fxg4 g6) 20. Rg1 (20. b4 $142 Qc6 21. c5) 20... f4 (20... fxg4 $16 21. Qh4 g6) 21. Qe4 $18 g6 22. Rge1 Bd7 $2 (22... Rb8 23. b4 (23. Bxe5 Bxe5 24. Qxe5 Qxe5 $16) 23... Qc6) 23. b4 Qc6 24. c5 Be7 $2 (24... b5 $18 25. Qxc6 (25. cxd6 Qxc3 26. dxc7 Qxc7 $14) 25... Bxc6 26. cxd6 cxd6) 25. Bc4+ (25. Qxe5 $142 Bf6 26. Bc4+ Kg7 {[#]} 27. g5 $1 {[%mdl 512]} Bxe5 28. Rxe5 Rf6 29. Re7+ Kf8 30. gxf6) 25... Kh8 26. Qxe5+ {[%mdl 64] Double Attack} Bf6 {[#]} 27. Rd6 {Played: g4-g5} 1-0

[Event "elllobregat Open-A 2019"]
[Site "El Prat de Llobregat"]
[Date "2019.12.04"]
[Round "2.4"]
[White "Alonso Rosell, Alvar"]
[Black "Rathanvel, V S"]
[Result "1-0"]
[WhiteElo "2548"]
[BlackElo "2410"]
[Annotator "ChessBase"]
[PlyCount "55"]
[EventDate "2019.12.03"]
[EventType "swiss"]
[EventCountry "ESP"]
[SourceTitle "playchess.com"]
[Source "ChessBase"]
[SourceQuality "1"]
[TimeControl "40/5400+30:1800+30"]

1. d4 {[%emt 0:16:43]} Nf6 {[%emt 0:00:00]} 2. c4 g6 {[%emt 0:00:00]} 3. Nc3 {[%emt 0:00:05]} d5 {[%emt 0:00:01]} 4. cxd5 Nxd5 {[%emt 0:00:06]} 5. e4 {[%emt 0:00:09]} Nxc3 {[%emt 0:00:09]} 6. bxc3 {[%emt 0:00:02]} Bg7 {[%emt 0:00:11]} 7. Be3 {[%emt 0:00:15]} c5 {[%emt 0:00:27]} 8. Qd2 {[%emt 0:08:36]} Qa5 {[%emt 0:02:00]} 9. Rc1 {[%emt 0:00:07]} O-O {[%emt 0:01:42]} 10. Nf3 {[%emt 0:00:27]} Nd7 {[%emt 0:02:30]} 11. Bd3 {[%emt 0:02:22]} e5 {[%emt 0:00:07]} 12. d5 f5 13. Qc2 {[%emt 0:06:34]} fxe4 {[%emt 0:06:22]} 14. Bxe4 {[%emt 0:00:31]} Nf6 {[%emt 0:00:27]} 15. O-O Nxe4 {[%emt 0:26:09]} 16. Qxe4 {[%emt 0:01:30]} Qxa2 {[%emt 0:00:45]} 17. c4 Bf5 {[%emt 0:01:52]} 18. Qh4 {[%emt 0:02:37]} e4 {[%emt 0:08:09]} 19. Ng5 {[%emt 0:07:30]} h6 {[%emt 0:00:15]} 20. Ne6 {[%emt 0:01:53]} g5 {[%emt 0:27:33]} 21. Qh5 {[%emt 0:08:17]} Bxe6 {[%emt 0:03:22]} 22. dxe6 {[%emt 0:01:10]} b6 23. h4 {[%emt 0:20:42]} gxh4 {[%emt 0:05:51]} 24. Rfd1 {[%emt 0:01:00]} Qb2 {[%emt 0:03:03]} 25. e7 Rfe8 {[%emt 0:00:27]} 26. Qd5+ {[%emt 0:01:25]} Kh8 {[%emt 0:00:52]} 27. Qxa8 {[%emt 0:00:07]} Rxa8 {[%emt 0:00:05]} 28. Rd8+ 1-0

[Event "elllobregat Open-A 2019"]
[Site "El Prat de Llobregat"]
[Date "2019.12.04"]
[Round "2.5"]
[White "Gukesh D"]
[Black "Moksh Amit Doshi"]
[Result "1-0"]
[WhiteElo "2547"]
[BlackElo "2399"]
[Annotator "ChessBase"]
[PlyCount "63"]
[EventDate "2019.12.03"]
[EventType "swiss"]
[EventCountry "ESP"]
[SourceTitle "playchess.com"]
[Source "ChessBase"]
[SourceQuality "1"]
[TimeControl "40/5400+30:1800+30"]

1. Nf3 {[%emt 0:00:00]} d5 2. e3 {[%emt 0:03:10]} Nf6 {[%emt 0:01:04]} 3. c4 {[%emt 0:00:40]} e6 {[%emt 0:00:31]} 4. Nc3 {[%emt 0:00:29]} dxc4 {[%emt 0:02:42]} 5. Bxc4 {[%emt 0:00:13]} a6 {[%emt 0:01:07]} 6. a4 {[%emt 0:02:05]} b6 {[%emt 0:01:15]} 7. e4 {[%emt 0:13:19]} Bb7 8. e5 {[%emt 0:04:38]} Nd5 {[%emt 0:01:55]} 9. d4 c5 10. Bxd5 {[%emt 0:15:59]} Bxd5 {[%emt 0:13:57]} 11. Bg5 {[%emt 0:00:22]} Qd7 {[%emt 0:02:53]} 12. Nxd5 {[%emt 0:01:24]} exd5 13. a5 b5 {[%emt 0:07:40]} 14. dxc5 {[%emt 0:19:11]} Bxc5 {[%emt 0:01:45]} 15. Rc1 {[%emt 0:00:19]} Bb4+ {[%emt 0:01:27]} 16. Bd2 {[%emt 0:00:07]} Bxd2+ {[%emt 0:02:06]} 17. Qxd2 Nc6 {[%emt 0:01:30]} 18. Rc5 {[%emt 0:04:15]} Ne7 {[%emt 0:00:39]} 19. O-O {[%emt 0:01:12]} O-O {[%emt 0:00:07]} 20. Rfc1 {[%emt 0:03:45]} Rac8 {[%emt 0:01:07]} 21. Nd4 Rxc5 {[%emt 0:03:04]} 22. Rxc5 {[%emt 0:01:11]} Rc8 {[%emt 0:12:35]} 23. Qc3 {[%emt 0:19:12]} Kf8 {[%emt 0:01:45]} 24. f4 Ke8 25. Rxc8+ {[%emt 0:01:10]} Nxc8 {[%emt 0:01:38]} 26. Qc6 Na7 {[%emt 0:05:33]} 27. Qa8+ {[%emt 0:02:27]} Ke7 {[%emt 0:00:14]} 28. Kf1 {[%emt 0:00:27]} b4 29. Qxa7 Qxa7 {[%emt 0:00:36]} 30. Nc6+ {[%emt 0:00:33]} Kd7 {[%emt 0:00:07]} 31. Nxa7 {[%emt 0:00:04]} Kc7 {[%emt 0:00:04]} 32. f5 1-0

[Event "elllobregat Open-A 2019"]
[Site "El Prat de Llobregat"]
[Date "2019.12.04"]
[Round "2.6"]
[White "Erigaisi Arjun"]
[Black "Mendonca, Leon Luke"]
[Result "1-0"]
[WhiteElo "2544"]
[BlackElo "2398"]
[Annotator "ChessBase"]
[PlyCount "121"]
[EventDate "2019.12.03"]
[EventType "swiss"]
[EventCountry "ESP"]
[SourceTitle "playchess.com"]
[Source "ChessBase"]
[SourceQuality "1"]
[TimeControl "40/5400+30:1800+30"]

1. d4 {[%emt 0:00:00]} Nf6 {[%emt 0:00:00]} 2. Nf3 {[%emt 0:00:09]} b6 {[%emt 0:02:58]} 3. Bg5 Ne4 {[%emt 0:01:11]} 4. Bh4 {[%emt 0:00:39]} Bb7 {[%emt 0:01:41]} 5. Nbd2 g6 {[%emt 0:05:30]} 6. Nxe4 {[%emt 0:02:23]} Bxe4 {[%emt 0:00:02]} 7. Nd2 {[%emt 0:00:08]} Bb7 {[%emt 0:00:40]} 8. e4 {[%emt 0:00:12]} Bg7 {[%emt 0:00:34]} 9. c3 {[%emt 0:00:42]} O-O 10. Bd3 {[%emt 0:00:38]} c5 {[%emt 0:14:23]} 11. d5 {[%emt 0:02:51]} d6 {[%emt 0:00:06]} 12. O-O Ba6 {[%emt 0:04:46]} 13. Qe2 {[%emt 0:03:08]} Bxd3 {[%emt 0:03:25]} 14. Qxd3 {[%emt 0:00:06]} Nd7 {[%emt 0:12:51]} 15. f4 Bf6 {[%emt 0:00:51]} 16. Bg3 {[%emt 0:05:54]} Qc7 17. Rae1 {[%emt 0:08:11]} b5 {[%emt 0:09:19]} 18. Qxb5 {[%emt 0:01:36]} Rab8 {[%emt 0:19:17]} 19. Qc6 Qxc6 20. dxc6 {[%emt 0:00:38]} Nb6 {[%emt 0:00:33]} 21. e5 dxe5 {[%emt 0:01:38]} 22. fxe5 {[%emt 0:01:06]} Bg7 23. e6 {[%emt 0:01:35]} Rbc8 {[%emt 0:00:31]} 24. exf7+ Rxf7 {[%emt 0:00:00]} 25. Rxf7 {[%emt 0:01:12]} Kxf7 {[%emt 0:05:50]} 26. c7 e5 27. Bxe5 {[%emt 0:04:00]} Bxe5 {[%emt 0:01:09]} 28. Rxe5 {[%emt 0:00:00]} Rxc7 {[%emt 0:00:23]} 29. Kf2 {[%emt 0:00:49]} Na4 30. Nc4 {[%emt 0:00:40]} Kf6 {[%emt 0:10:42]} 31. Re3 {[%emt 0:04:39]} Nb6 {[%emt 0:03:58]} 32. Re4 h5 33. Ke2 {[%emt 0:02:37]} Rd7 {[%emt 0:01:06]} 34. Ne3 {[%emt 0:02:28]} Rd8 {[%emt 0:01:10]} 35. h3 {[%emt 0:05:59]} Rd7 {[%emt 0:01:44]} 36. g4 Rh7 {[%emt 0:00:47]} 37. Kf3 {[%emt 0:01:44]} Rh8 38. a4 {[%emt 0:20:42]} a5 {[%emt 0:01:14]} 39. h4 hxg4+ {[%emt 0:00:34]} 40. Nxg4+ {[%emt 0:00:00]} Kf7 {[%emt 0:00:00]} 41. Ne5+ {[%emt 0:02:32]} Kf6 {[%emt 0:04:29]} 42. Kg4 {[%emt 0:01:49]} Rd8 {[%emt 0:10:41]} 43. Nxg6 {[%emt 0:02:52]} Rd2 44. Kh5 {[%emt 0:00:33]} Rxb2 {[%emt 0:02:32]} 45. Kh6 {[%emt 0:00:57]} Nd5 {[%emt 0:05:49]} 46. h5 {[%emt 0:01:28]} Rh2 {[%emt 0:01:50]} 47. c4 Nc3 {[%emt 0:00:02]} 48. Rf4+ {[%emt 0:01:25]} Ke6 {[%emt 0:04:20]} 49. Rf3 {[%emt 0:05:05]} Ne4 {[%emt 0:01:45]} 50. Kg7 Nd6 {[%emt 0:00:01]} 51. Rf6+ {[%emt 0:13:53]} Kd7 {[%emt 0:00:51]} 52. Nf8+ {[%emt 0:02:45]} Kc7 {[%emt 0:00:52]} 53. Ne6+ Kc6 {[%emt 0:00:23]} 54. Nf4 {[%emt 0:00:31]} Kd7 {[%emt 0:02:06]} 55. Kg8 Ne4 {[%emt 0:01:08]} 56. Re6 {[%emt 0:02:19]} Ng3 {[%emt 0:01:43]} 57. h6 Nh5 58. Re2 {[%emt 0:00:55]} Rxe2 {[%emt 0:01:00]} 59. Nxe2 {[%emt 0:00:05]} Ke6 {[%emt 0:00:05]} 60. Nc3 Kf5 {[%emt 0:00:37]} 61. Nd5 {[%emt 0:00:20]} 1-0